[Event "AUTO-OPEN-3027"]
[Site "http://www.queenalice.com/game.php?id=1197286"]
[Date "2013.7.5"]
[Round "1"]
[White "Antero"]
[Black "ab12"]
[Result "1-0"]
[WhiteElo "1775"]
[BlackElo "1139"]

1. e4 e5 2. Nf3 d6 3. Nc3 c6 4. d3 h6 5. Bd2 Nf6 6. Be2 Be7 7. O-O O-O 8. Re1
Nh7 9. Bf1 Bg5 10. Nxg5 Nxg5 11. Re3 Ne6 12. Qh5 Qg5 13. Qxg5 Nxg5 14. Rg3 Nh7
15. Bxh6 g6 16. Bxf8 Kxf8 17. Rd1 Na6 18. a3 Nc7 19. d4 exd4 20. Rxd4 Ne8 21.
Bc4 b5 22. Ba2 a6 23. b4 Be6 24. Bxe6 fxe6 25. Rxg6 e5 26. Rd3 Nhf6 27. Rf3 Ra7
28. Rh3 Ke7 29. Rh8 Kf7 30. Rgh6 Ke7 31. R6h7+ Nxh7 32. Rxh7+ Kd8 33. Rxa7 Nc7
34. a4 bxa4 35. Nxa4 Kc8 36. g4 Kb8 37. Rxc7 Kxc7 38. h4 Kd7 39. h5 Ke7 40. Nb6
Kf6 41. Nc8 d5 42. exd5 cxd5 43. f3 e4 44. Kf2 1-0

[Event "AUTO-BEG-589"]
[Site "http://www.queenalice.com/game.php?id=1199063"]
[Date "2013.7.12"]
[Round "1"]
[White "ab12"]
[Black "YUDAO"]
[Result "0-1"]
[WhiteElo "1007"]
[BlackElo "1600"]

1. d4 d5 2. e3 Nf6 3. h3 c6 4. Nf3 e6 5. Be2 Bb4+ 6. c3 Be7 7. O-O O-O 8. Nh2
Bd6 9. f4 c5 10. dxc5 Bxc5 11. Kh1 Ne4 12. Bf3 a5 13. Bxe4 dxe4 0-1

[Event "AUTO-BEG-589"]
[Site "http://www.queenalice.com/game.php?id=1199064"]
[Date "2013.7.12"]
[Round "1"]
[White "YUDAO"]
[Black "ab12"]
[Result "1-0"]
[WhiteElo "1602"]
[BlackElo "1007"]

1. e4 e5 2. Nf3 d6 3. Nc3 a6 4. d3 h6 5. Be2 c6 6. O-O Nf6 7. a4 Be7 8. Bd2 O-O
9. h3 Nh7 10. b3 Bg5 11. Nb1 Bxd2 12. Qxd2 Nd7 13. c4 b5 14. a5 1-0

[Event "AUTO-BEG-589"]
[Site "http://www.queenalice.com/game.php?id=1199065"]
[Date "2013.7.12"]
[Round "1"]
[White "ab12"]
[Black "bpctreinamento"]
[Result "0-1"]
[WhiteElo "1193"]
[BlackElo "1613"]

1. d4 d5 2. e3 Bf5 3. h3 e6 4. Nf3 Nc6 5. Be2 Nb4 6. Na3 Na6 7. O-O Bxa3 8. bxa3
Nf6 9. Nh2 O-O 10. Bd3 Bxd3 11. Qxd3 c5 12. dxc5 Nxc5 13. Qd1 Nfe4 14. Nf3 Nc3
15. Qe1 N5e4 16. Bb2 Na4 17. Rb1 Rc8 18. c3 Naxc3 19. Bxc3 Nxc3 20. Rb2 Na4 21.
Rb1 Nc3 22. Rc1 Nxa2 23. Rxc8 Qxc8 24. Qe2 Nc1 25. Qd2 Nb3 26. Qb2 Nc5 27. Qe2
Ne4 28. Qb2 a5 29. Rc1 Qd7 30. Ne5 Qd6 31. Nf3 Nc5 32. Rd1 Na4 33. Qb3 Nc5 34.
Qa2 Ne4 35. Qb2 Nc5 36. Nd4 Qe5 37. Rb1 Qe4 38. Rc1 Nd3 39. Qc2 e5 40. Rd1 Nxf2
41. Qxf2 exd4 42. exd4 b5 43. Re1 Qd3 44. Qb2 Qg3 45. Re5 b4 46. axb4 axb4 47.
Qxb4 f6 48. Qe1 Qxe1+ 49. Rxe1 g5 50. Re6 h5 51. Rd6 g4 52. hxg4 hxg4 53. g3 f5
54. Rxd5 f4 55. gxf4 Rxf4 56. Rg5+ Kh7 57. d5 Kh6 58. Re5 Rd4 0-1

[Event "AUTO-BEG-589"]
[Site "http://www.queenalice.com/game.php?id=1199066"]
[Date "2013.7.12"]
[Round "1"]
[White "bpctreinamento"]
[Black "ab12"]
[Result "1-0"]
[WhiteElo "1513"]
[BlackElo "1141"]

1. e4 e5 2. Nf3 d6 3. Bc4 h6 4. O-O Nf6 5. Re1 Be7 6. d3 O-O 7. Nc3 b6 8. d4
exd4 9. Nxd4 Ba6 10. Bxa6 Nxa6 11. Nf5 Nh7 12. Nd5 Re8 13. Nfxe7+ Rxe7 14. Nxe7+
Qxe7 15. Bf4 Qf6 16. e5 dxe5 17. Bxe5 Qc6 18. Qg4 Qg6 19. Qxg6 fxg6 20. Rad1 Nc5
21. Bxc7 Rc8 22. Rd8+ Rxd8 23. Bxd8 Nf8 24. Be7 Nfe6 25. Bxc5 Nxc5 26. Re8+ Kf7
27. Ra8 a6 28. Ra7+ Kf6 29. b4 Ne6 30. Rxa6 b5 31. Rb6 Ke7 32. Rxb5 Kd7 33. Rb7+
Kc6 34. Re7 Nd4 35. Rxg7 Nxc2 36. Rxg6+ Kb5 37. Rxh6 Nxb4 38. Rh5+ Ka4 39. f4
Nxa2 40. f5 Nc3 41. f6 Ne2+ 42. Kf2 Nf4 43. Rh4 1-0

[Event "Challenge"]
[Site "http://www.queenalice.com/game.php?id=1265005"]
[Date "2014.3.14"]
[Round "-"]
[White "mvson33"]
[Black "ab12"]
[Result "1-0"]
[WhiteElo "1808"]
[BlackElo "1175"]

1. e4 e5 2. Nf3 d6 3. d4 exd4 4. Nxd4 Nc6 5. Bb5 Bd7 6. O-O a6 7. Ba4 Nxd4 8.
Bxd7+ Qxd7 9. Qxd4 c5 10. Qd3 Be7 11. Nc3 Nf6 12. Bf4 O-O 13. Rad1 h6 14. Bxd6
Bxd6 15. Qxd6 Qxd6 16. Rxd6 Rad8 17. Rfd1 Rxd6 18. Rxd6 Rc8 19. f3 Kf8 20. Nd5
Nxd5 21. Rxd5 Ke7 22. Kf2 b6 23. e5 f6 24. exf6+ gxf6 25. g3 a5 26. h3 Rc7 27.
f4 b5 28. g4 b4 29. h4 Rc8 30. g5 fxg5 31. fxg5 Ke6 32. Rd3 Rf8+ 33. Rf3 1-0

[Event "AUTO-BEG-606"]
[Site "http://www.queenalice.com/game.php?id=1267897"]
[Date "2014.3.25"]
[Round "1"]
[White "ab12"]
[Black "AlexandraPoslov"]
[Result "0-1"]
[WhiteElo "1177"]
[BlackElo "1580"]

1. Nf3 Nc6 2. e4 e5 3. d3 Nf6 4. Be2 d5 5. exd5 Nxd5 6. h3 Be6 7. O-O Bc5 8. Nh2
Qd7 9. b3 f6 10. Ba3 Bxa3 11. Nxa3 O-O-O 12. Nb1 Nf4 13. Bg4 h5 14. Bxe6 Qxe6
15. Nd2 Nd4 0-1

[Event "AUTO-OPEN-3219"]
[Site "http://www.queenalice.com/game.php?id=1267958"]
[Date "2014.3.25"]
[Round "1"]
[White "ab12"]
[Black "Parma"]
[Result "0-1"]
[WhiteElo "1181"]
[BlackElo "1902"]

1. e4 c5 2. d3 d6 3. h3 e5 4. Nf3 Nf6 5. Be2 h6 6. O-O Be7 7. Nh2 O-O 8. Bg4 Nc6
9. Bxc8 Qxc8 10. Nf3 b5 11. Nc3 b4 12. Ne2 Nh7 0-1

[Event "AUTO-OPEN-3219"]
[Site "http://www.queenalice.com/game.php?id=1267959"]
[Date "2014.3.25"]
[Round "1"]
[White "Parma"]
[Black "ab12"]
[Result "1-0"]
[WhiteElo "1904"]
[BlackElo "1179"]

1. d4 d5 2. c4 c6 3. e3 e6 4. Nf3 Nf6 5. Be2 g6 6. O-O Bg7 7. Nc3 O-O 8. b3 dxc4
9. Bxc4 b6 10. a4 Ba6 11. Bxa6 Nxa6 12. Ba3 Re8 13. Ne5 1-0

[Event "AUTO-BEG-622"]
[Site "http://www.queenalice.com/game.php?id=1335427"]
[Date "2015.1.18"]
[Round "1"]
[White "Kuroi"]
[Black "ab12"]
[Result "1-0"]
[WhiteElo "1549"]
[BlackElo "1173"]

1. e4 e5 2. Nf3 d6 3. Nc3 c6 4. g3 Nf6 5. Bg2 Be7 6. O-O O-O 7. d3 h6 8. b4 b6
9. a3 Nh7 10. Ne2 b5 11. Bb2 Bg4 12. h3 Bxf3 13. Bxf3 Nd7 14. c3 a6 15. d4 Rc8
16. d5 cxd5 17. Qxd5 1-0

[Event "AUTO-BEG-622"]
[Site "http://www.queenalice.com/game.php?id=1335428"]
[Date "2015.1.18"]
[Round "1"]
[White "ab12"]
[Black "Kuroi"]
[Result "0-1"]
[WhiteElo "1171"]
[BlackElo "1551"]

1. e4 e5 2. d3 Nc6 3. Nf3 Nf6 4. Be2 g6 5. O-O Bg7 6. h3 O-O 7. Nh2 d6 8. Bg4
Nd4 9. Bxc8 Qxc8 10. Be3 c5 11. Bxd4 exd4 12. Ng4 h5 13. Nxf6+ Bxf6 14. f3 Qe8
15. Nd2 Qb5 16. b3 Qd7 0-1

[Event "AUTO-OPEN-3494"]
[Site "http://www.queenalice.com/game.php?id=1363867"]
[Date "2015.6.6"]
[Round "1"]
[White "josebaron"]
[Black "ab12"]
[Result "1-0"]
[WhiteElo "2033"]
[BlackElo "1169"]

1. e4 e5 2. d4 Nc6 3. d5 Nce7 4. f4 exf4 5. Nf3 d6 6. Be2 Nf6 7. Nc3 h6 8. Bxf4
Ng6 9. Bg3 Be7 10. O-O a6 11. a4 O-O 12. a5 Bg4 13. Nh4 Bxe2 14. Qxe2 Nxh4 15.
Bxh4 Nh7 16. Bxe7 Qxe7 17. b4 f6 18. b5 1-0

[Event "AUTO-OPEN-3494"]
[Site "http://www.queenalice.com/game.php?id=1363868"]
[Date "2015.6.6"]
[Round "1"]
[White "ab12"]
[Black "josebaron"]
[Result "0-1"]
[WhiteElo "1167"]
[BlackElo "2035"]

1. e4 e5 2. d3 d5 3. Be2 d4 4. Nf3 Nc6 5. O-O Nf6 6. h3 Be7 7. Nh2 O-O 8. Bg4
Bxg4 9. Nxg4 Nxg4 10. Qxg4 Re8 11. Bh6 g6 12. Bd2 Nb4 13. Bxb4 Bxb4 14. c3 dxc3
15. Nxc3 Bxc3 16. bxc3 Qxd3 17. Rac1 Qc4 0-1

[Event "AUTO-OPEN-3494"]
[Site "http://www.queenalice.com/game.php?id=1363891"]
[Date "2015.6.6"]
[Round "1"]
[White "ab12"]
[Black "ktolley"]
[Result "0-1"]
[WhiteElo "1169"]
[BlackElo "1500"]

1. d4 d5 2. e3 Nf6 3. g3 Bg4 4. Be2 h5 5. Bxg4 hxg4 6. Ne2 e6 7. O-O Nc6 8. Nf4
e5 9. dxe5 Nxe5 10. Nd2 Ne4 11. Nxe4 dxe4 12. Qxd8+ Rxd8 13. b3 Nf3+ 0-1

[Event "AUTO-OPEN-3494"]
[Site "http://www.queenalice.com/game.php?id=1363892"]
[Date "2015.6.6"]
[Round "1"]
[White "ktolley"]
[Black "ab12"]
[Result "1-0"]
[WhiteElo "1523"]
[BlackElo "1165"]

1. e4 e5 2. d4 Nc6 3. d5 Nce7 4. c4 d6 5. Nf3 Nf6 6. Nc3 h6 7. Be3 Ng6 8. h3 Be7
9. Bd3 O-O 10. O-O Nh7 11. g4 Bg5 12. Qe2 Bxe3 13. Qxe3 Nf4 14. c5 Nxd3 15. Qxd3
Ng5 16. Nxg5 hxg5 17. cxd6 1-0

[Event "AUTO-BEG-629"]
[Site "http://www.queenalice.com/game.php?id=1364988"]
[Date "2015.6.11"]
[Round "1"]
[White "alfiere7"]
[Black "ab12"]
[Result "1-0"]
[WhiteElo "1330"]
[BlackElo "1165"]

1. e4 e5 2. Nf3 d6 3. d4 Nc6 4. dxe5 dxe5 5. Qxd8+ Nxd8 6. Nxe5 Bc5 7. Bc4 Be6
8. Bf4 Bxc4 9. Nxc4 Ne6 10. Be5 f6 11. Bg3 O-O-O 12. O-O Nd4 13. Rc1 1-0

[Event "AUTO-BEG-629"]
[Site "http://www.queenalice.com/game.php?id=1364989"]
[Date "2015.6.11"]
[Round "1"]
[White "ab12"]
[Black "alfiere7"]
[Result "0-1"]
[WhiteElo "1165"]
[BlackElo "1313"]

1. Nf3 d5 2. d4 Nc6 3. h3 Nf6 4. e3 Ne4 5. Nc3 e6 6. Nxe4 dxe4 7. Nh2 Bb4+ 8.
Bd2 Qd6 9. Bxb4 Qxb4+ 10. c3 Qxb2 11. Qc1 Qxc1+ 12. Rxc1 O-O 0-1

[Event "AUTO-BEG-629"]
[Site "http://www.queenalice.com/game.php?id=1365016"]
[Date "2015.6.11"]
[Round "1"]
[White "ab12"]
[Black "modesto54"]
[Result "0-1"]
[WhiteElo "1165"]
[BlackElo "1401"]

1. Nf3 d5 2. d4 Nf6 3. e3 c5 4. dxc5 Nc6 5. h3 e5 6. Be2 Bxc5 7. O-O O-O 8. b3
e4 9. Nh2 Bd6 10. Bg4 Bxg4 11. Nxg4 Nxg4 12. Qxg4 Be5 13. c3 f5 14. Qe2 Qh4 15.
f4 exf3 16. Qxf3 g5 17. Bd2 g4 18. Qf2 Bg3 19. Qe2 Rf6 0-1

[Event "AUTO-BEG-629"]
[Site "http://www.queenalice.com/game.php?id=1365017"]
[Date "2015.6.11"]
[Round "1"]
[White "modesto54"]
[Black "ab12"]
[Result "1-0"]
[WhiteElo "1393"]
[BlackElo "1165"]

1. e4 e5 2. Nf3 d6 3. d4 Nc6 4. h3 h6 5. dxe5 dxe5 6. Qxd8+ Nxd8 7. Nxe5 Nc6 8.
Nxc6 bxc6 9. b3 Nf6 10. Nd2 Be7 11. Bc4 O-O 12. O-O Be6 13. Bxe6 fxe6 14. e5 Nd5
15. c4 Nb6 16. Nf3 Rad8 17. Be3 Nd7 18. Nd4 Nb8 19. Nxe6 Rf7 20. Nxd8 1-0